Agatha Christie's After the Funeral - Statistics

General Stats
  • This quiz has been taken 74 times
    73 since last reset
  • The average score is 8 of 17
Answer Stats
Hint Answer % Correct
Name of the detective. Hercule Poirot
95%
Murder victim killed by axe. Mrs Cora Lansquenet
76%
Food the murderer poisoned to make it look like they were being targeted to throw suspicion off of themselves. Wedding Cake
74%
The poison they used. Arsenic
68%
Identity of the killer. Miss Gilchrist
60%
How the murderer gave themselves away. Tilted head the wrong way when impersonating victim /Mentioned a display of wax flowers they couldn't have seen unless lying.
60%
Name of artist who painted the portrait that the murder wanted to acquire from their victim's will. Johannes Vermeer
55%
Murderer's motive for wanting the painting. Money to reopen tea shop.
55%
Person thought to have been killed by poison. Richard Abernethie
55%
Name of victims niece who received her estate. Susan Banks
44%
Person struck on the head by murderer in order to stop them exposing the killer. Helen Abernethie
42%
Name of the faithful yet poor-sighted Butler who works at the above mentioned residence. Lanscombe
40%
Name of the house that serves as the main setting. Enderby Hall
32%
Name of victim's brother who is an invalid. Timothy Abernethie
32%
Victim's sister in law who is the overworked wife of the character mentioned above. Maude Abernethie
27%
Name of person who hires Poirot to investigate a death Mr Entwhistle
19%
The town where the victim lived. Lytchett St Mary
10%
No matching quizzes found
Score Distribution
Percent of People with Each Score
Percentile by Number Answered
Your Score History
You have not taken this quiz since the last reset